000
00284nam a2200133Ia 4500
008
231017s9999 xx 000 0 und d
082
_a
625.705
082
_b
WOR
245
0
_a
Roads and Highways
245
0
_c
World Bank
260
_b
World Bank
300
_c
30cm
942
_c
REP
999
_c
605852
_d
605852